|
|
|
|
| LEADER |
00627nab a2200157 i 4500 |
| 001 |
delm87729 |
| 005 |
20190904090051.0 |
| 008 |
190904s1984 hu o 0|| hun d |
| 040 |
|
|
|a SZTE Délmagyarország Archívum
|b hun
|
| 041 |
|
|
|a hun
|
| 100 |
2 |
|
|a Ács S. Sándor
|
| 245 |
1 |
0 |
|a Tízezrek Ópusztaszeren
|h [elektronikus dokumentum] :
|b alkotmányunkat ünnepelte az ország /
|c Ács S. Sándor
|
| 260 |
|
|
|c 1984-08-22
|
| 300 |
|
|
|a 1
|
| 490 |
0 |
|
|a Délmagyarország
|v 74 No. 196
|
| 695 |
|
|
|a Ópusztaszer, Nemzeti Történeti Emlékpark (Ópusztaszer), Eseménynaptár Ópusztaszer 1984. 08., Politikai rendezvény nagygyűlés Ópusztaszer 1984
|